South Eastern Kenya University

Library Online Public Access Catalogue


Introduction to the study of physical chemistry / (Record no. 1814)

MARC details
000 -LEADER
fixed length control field 00761cam a22002531 4500
001 - CONTROL NUMBER
control field 8837677
003 - CONTROL NUMBER IDENTIFIER
control field SEKU
005 - DATE AND TIME OF LATEST TRANSACTION
control field 20140825161337.0
008 - FIXED-LENGTH DATA ELEMENTS--GENERAL INFORMATION
fixed length control field 770409s1952 nyua 000 0 eng
010 ## - LIBRARY OF CONGRESS CONTROL NUMBER
LC control number 51013586
035 ## - SYSTEM CONTROL NUMBER
System control number (OCoLC)2872730
040 ## - CATALOGING SOURCE
Original cataloging agency DLC
Transcribing agency ODa
Modifying agency OCoLC
-- DLC
-- SEKU
Language of cataloging eng
042 ## - AUTHENTICATION CODE
Authentication code premarc
050 00 - LIBRARY OF CONGRESS CALL NUMBER
Classification number QD453
Item number .H28 1952
082 ## - DEWEY DECIMAL CLASSIFICATION NUMBER
Classification number 541
100 1# - MAIN ENTRY--PERSONAL NAME
Personal name Hammett, Louis P.
Fuller form of name (Louis Plack),
Dates associated with a name 1894-1987.
245 00 - TITLE STATEMENT
Title Introduction to the study of physical chemistry /
250 ## - EDITION STATEMENT
Edition statement 1st ed.
260 ## - PUBLICATION, DISTRIBUTION, ETC. (IMPRINT)
Place of publication, distribution, etc. New York :
Name of publisher, distributor, etc. McGraw-Hill,
Date of publication, distribution, etc. 1952.
300 ## - PHYSICAL DESCRIPTION
Extent 427 p. :
Other physical details illus. ;
Dimensions 24 cm.
440 #0 - SERIES STATEMENT/ADDED ENTRY--TITLE
Title International chemical series
650 #0 - SUBJECT ADDED ENTRY--TOPICAL TERM
Topical term or geographic name as entry element Chemistry, Physical and theoretical.
942 ## - ADDED ENTRY ELEMENTS (KOHA)
Source of classification or shelving scheme Library of Congress Classification
Koha item type General circulation
Classification part QD453
Item part .H28 1952
Holdings
Withdrawn status Lost status Source of classification or shelving scheme Damaged status Not for loan Home library Current library Date acquired Cost, normal purchase price Total Checkouts Full call number Barcode Date last seen Date last checked out Cost, replacement price Price effective from Koha item type Public note
    Library of Congress Classification     Main Campus Library Main Campus Library 25/08/2014 550.00 4 QD453 .H28 1952 2019/021945 14/12/2017 13/12/2017 1050.00 25/08/2014 General circulation Rono
Kitui, Kenya.
+254736116989
library@seku.ac.ke